00986nam a2200277 u 45000010006000000050017000060080041000230350010000640410008000740820008000821000049000902450066001392600043002053000018002485000019002666500045002856500030003306500052003607000042004127000045004549420010004999990017005095020010005265260007005369520165005433272320260504071412.0960313s1962 ||||||m| spa  a32723 aspa 4a30910aPeñaranda Gonzalez, Nora4auteaut925035510aProblema de la vivienda en Colombia y la solucion cooperativa aMedellín :b[sin publicador],c1962. a229 páginas aU de a fac ce. 7aProblemas socialeszColombia2lemb97320 aVivienda - Colombia97233 aColombia - Condiciones socioeconómicas94244910aLince Calle, Rafael4auteaut947382410aZapata Escobar, Javier4auteaut9473825 cTESIS c23452d23452 b62c9 a62 001040708TESISBCaBCbBCd1998-05-14eMaterial adquirido por donacióniC56074l0o309.1861 P419pp61000002259113r2023-04-20 00:00:00t1w2023-04-20yTESIS